| 000 | 00371nam a2200121Ia 4500 | ||
|---|---|---|---|
| 008 | 230907s9999||||xx |||||||||||||| ||und|| | ||
| 082 |
_a327.17 _bHAS |
||
| 100 |
_aHashmat, Shahid Ahmad, _96759 |
||
| 245 | 0 | _aInternational conflict resolution : | |
| 260 |
_aNational University of Science and Technology, _bIslamabad: _c2014 |
||
| 300 | _axxviii, 277 pages ; | ||
| 942 | _cBK | ||
| 999 |
_c597394 _d597394 |
||